000 00672nam a2200205 i 4500
001 bg
100 1 _aTABIŚ, Bolesław
245 0 _aProcesy i reaktory biochemiczne /
_cBolesław Tabiś, Robert Grzywacz ; Politechnika Krakowska im. Tadeusza Kościuszki.
260 _aKraków :
_bPK,
_c1993.
300 _a218 s. :
_brys., wykr. ;
_c24 cm.
504 _aBibliogr. przy rozdz.
521 _aSkrypt dla studentów wyższych szkół technicznych.
700 1 _aGRZYWACZ, Robert
710 _aPOLITECHNIKA KRAKOWSKA (Kraków)
040 _cBPK
041 _apol
080 _a577.1:66.01/.09:663.1](075.8)
942 _cKS
008 s pl f |000 0 pol
999 _c6526
_d6526
856 _uhttp://koha.tu.koszalin.pl/cgi-bin/koha/opac-detail.pl?biblionumber=6526
_yKatalog online BPK